BIBLIOTECA PODER JUDICIAL
Portal Judicial TDF

Leyes de responsabilidad filial : (Registro nro. 6092)

000 -LEADER
fixed length control field 01218nab a22001937a 4500
003 - CONTROL NUMBER IDENTIFIER
control field OSt
005 - DATE AND TIME OF LATEST TRANSACTION
control field 20260121211024.0
008 - FIXED-LENGTH DATA ELEMENTS--GENERAL INFORMATION
fixed length control field 190502c xxu||||| |||| 00| 0 spa d
040 ## - CATALOGING SOURCE
Transcribing agency PJ
100 ## - MAIN ENTRY--PERSONAL NAME
9 (RLIN) 6864
Personal name Erickson, Danielle
245 10 - TITLE STATEMENT
Title Leyes de responsabilidad filial :
Remainder of title codificación de un deber especial de cuidado recíproco /
Statement of responsibility, etc Danielle Erickson.
260 ## - PUBLICATION, DISTRIBUTION, ETC. (IMPRINT)
Place of publication, distribution, etc Ciudad Autónoma de Buenos Aires :
Name of publisher, distributor, etc Thomson Reuters La Ley,
Date of publication, distribution, etc 2024.
300 ## - PHYSICAL DESCRIPTION
Extent p. 57-68
505 ## - FORMATTED CONTENTS NOTE
Formatted contents note Sumario: I. Introducción.— II. Personas sobre quienes recae este deber.— III. Instancias en que surge la responsabilidad de cuidado de padres mayores.— IV. Formas en las que se hace cumplir este deber.— V. Posibilidad real de hacer cumplir este deber filial.— VI. Sobre la pregunta de si deberían ser aplicables las leyes de responsabilidad filial una vez que el padre alcance la edad de sesenta y cinco años.— VII. Conclusión.<br/><br/>
505 ## - FORMATTED CONTENTS NOTE
Title ¿Te interesa el texto completo? Solicitalo al correo: koha@justierradelfuego.gov.ar
650 #0 - SUBJECT ADDED ENTRY--TOPICAL TERM
9 (RLIN) 343
Topical term or geographic name as entry element DERECHO PENAL
773 0# - HOST ITEM ENTRY
Host Biblionumber 2729
Host Itemnumber 3180
Place, publisher, and date of publication Buenos Aires : LexisNexis, 2006-
Title Revista de derecho penal y procesal penal. Nº 9 - Septiembre 2024
International Standard Book Number 9875920622
942 ## - ADDED ENTRY ELEMENTS (KOHA)
Source of classification or shelving scheme
Koha item type Analítica Artículo de Revista

No hay ítems disponibles.

12 de Octubre 789 Ushuaia - Tel:  54(02901)441571
Horario de Atención: 8.00 a 17.00 hs. 
bibliotecaush@justierradelfuego.gov.ar
koha@justierradelfuego.gov.ar
Seguinos en nuestras redes @bibliojustdf 

Con tecnología Koha